Finish the Friends quote - Statistics

General Stats
  • This quiz has been taken 303 times
  • The average score is 10 of 14
Answer Stats
Episode Quote Answer % Correct
Multiple Smelly___, smelly___ Cat
99%
Multiple How you ____? Doin
99%
The one after Ross said ______ I, Ross, take thee______ Rachel
98%
The One with Joey's _____ The_____ broke, so i had to eat everything. Fridge
91%
The one with Ross' ________ Someone at work ate my_______. My_______! Sandwich
89%
The one with the holiday_______ I'm the holiday________! Armadillo
82%
The one with the prom video See? He's her_______. Lobster
82%
The one with Joey's new brain Monica: 'Why is your family Scottish?'Chandler: 'Why is your family____?' Ross
79%
The one with the Kips You don't know how long we'll be in here, we may have to________ the earth. Repopulate
69%
The one with _____ _____ is a state of total awareness.Only by achieving true______ can you be prepared for any danger that may befall you. Unagi
63%
The one with joey's fridge Suppose we're a_______ ______, and i got custody of the kid, now suppose the kid dies, and i gotta buy a new kid....Give me $400! Divorced couple
41%
The one with all the thanksgivings That's why I lost my toe, because i called you fat? That's why, for an entire year, people called me Sir ____ _ ___? Limps a lot
39%
The one with Ross and Monica's cousin Joey, this is not like learning how to ride a horse, this is like learning how to...grow a_________. Turtleneck
14%
The one where old yeller dies They're different from my other friends, they don't start sentences with: you know who just died________ _____? Shovelling Snow
6%
No matching quizzes found
Score Distribution
Percent of People with Each Score
Percentile by Number Answered
Your Score History
You have not taken this quiz